00399nam a2200133 a 45000010005000000030005000050050017000100080041000270400020000681100042000882450063001302600055001933000017002481594CDMR20131011135629.0130130s1924||||||||||||||||||||||||||||d aCDMRbcatcCDMR2 aFederación de la Prensa de España10aII Asamblea celebrada en Sevilla en el mes de mayo de 1923 aMadridc1924bFederación de la Prensa Española a99 p.b20 cm